Mesék
Elmentve itt :
| Szerző: | |
|---|---|
| További közreműködők: | |
| Dokumentumtípus: | Szakdolgozat |
| Megjelent: |
2002
|
| Tárgyszavak: | |
| Online Access: | http://diploma.bibl.u-szeged.hu/41140 |
| LEADER | 00513nta a2200157 i 4500 | ||
|---|---|---|---|
| 001 | dipl41140 | ||
| 005 | 20130726145111.0 | ||
| 008 | 130726s2002 hu om 0|| hun d | ||
| 040 | |a SZTE Diploma Repozitórium |b hun | ||
| 041 | |a hun | ||
| 100 | 1 | |a Bahtiyar Öztürk | |
| 245 | 1 | 0 | |a Mesék |h [elektronikus dokumentum] / |c Öztürk Bahtiyar |
| 260 | |c 2002 | ||
| 650 | 4 | |a Bölcsészettudományok | |
| 700 | 1 | |a Kovalik Márta |e ths | |
| 856 | 4 | 0 | |u http://diploma.bibl.u-szeged.hu/id/eprint/41140/1/2002_ozturk_bahtiyar.pdf |z Dokumentum-elérés |